000 01257nam a2200301 i 4500
001 178802
003 ES-MaACL
005 20240129115653.0
008 110704s2006 sp afo |||| |dspa d
020 _a84-609-8032-4
080 _a77 Sanchidrián Gallego, Jesús María José
080 _a39(460.189 A.)(0:77)
100 1 _aSanchidrián Gallego, Jesús María José.
_9103003
245 1 3 _aLa muralla de Ávila :
_btelón de fondo : fotografías /
_cJesús Mª J. Sanchidrián Gallego.
250 _a1ª ed.
260 _aÁvila :
_bPiedra Caballera :
_bAyuntamiento de Ávila,
_c2006.
490 1 _aEstampas de la tierra de Ávila ;
_v2
500 _aÍndice de fotografías.
600 1 7 _aSanchidrián Gallego, Jesús María José.
_9103003
650 4 _aMurallas-
_zÁvila-
_vObras ilustradas.
_9147297
651 4 _aÁvila-
_xUsos y costumbres.
_9174074
710 1 _aÁvila.
_bAyuntamiento.
_9145726
830 1 _aEstampas de la tierra de Ávila ;
_v2
_9191035
852 4 _aES-MaACL
_jA-11304
_9185663
_bR.145559
_cDEPO1
_dOlim: N-4308
_xDonación: Jesús María J. Sachidrián Gallego
903 _9103003
_aSanchidrián Gallego, Jesús María José
_ednr
942 _2udc
_cMONOGRAFIA
999 _c178802
_d178802